000 00754nam a2200169Ia 4500
008 081213s9999 xx 000 0 und d
020 _a9290750308
050 _aBR115 .C8
_bG68 1996
245 _aGospel and cultures:
_breformed perspectives.
_cedited by H. S. Wilson.
260 _c1996
_aGeneva.
_bWorld Alliance of Reformed Churches.
300 _a159p.
_c21cm.
650 _aChristianity and culture congress.
650 _aChristian union-congress.
942 _cBK
_2lcc
999 _c26242
_d26242